| 000 | 00464nam a22001697a 4500 | ||
|---|---|---|---|
| 999 |
_c7120 _d7120 |
||
| 003 | GBCCL | ||
| 005 | 20241126110620.0 | ||
| 008 | 180710b ||||| |||| 00| 0 eng d | ||
| 040 | _cGBC | ||
| 082 |
_aVER 248.4 _bNGU |
||
| 100 |
_aNgulthuam, V _912604 |
||
| 245 |
_aInkuan Toupa Bawl Ahi/ _cV. Ngulthuam |
||
| 260 |
_aChurachandpur: _bPublished by the Author, _c2010. |
||
| 300 |
_ai, 60 p.; _c13 x 20 cm. |
||
| 650 |
_aChristian - Family _92150 |
||
| 942 |
_2ddc _cBK _01 |
||